Normal view MARC view
  • Shuttleworth and Sons

Entry Corporate Name

Number of records used in: 3

001 - CONTROL NUMBER

  • control field: 5436

003 - CONTROL NUMBER IDENTIFIER

  • control field: SIRSI

005 - DATE AND TIME OF LATEST TRANSACTION

  • control field: 20190806150243.0

008 - FIXED-LENGTH DATA ELEMENTS

  • fixed length control field: 071101n| acannaabn |n ana d

040 ## - CATALOGING SOURCE

  • Original cataloging agency: OSt
  • Transcribing agency: OSt

110 2# - HEADING--CORPORATE NAME

  • Corporate name or jurisdiction name as entry element: Shuttleworth and Sons

670 ## - SOURCE DATA FOUND

  • Source citation: Particulars of a leasehold estate eligibly situate, no. 43, on the south and most frequented side of Holborn, in the City of London with two tenements in the rear thereof, nos. 3 and 4 King's Head Court, [1847]